Online
Catalog
Normal view MARC view

Entry Nombre personal

Number of records used in: 29

001 - NÚMERO DE CONTROL

  • campo de control: 8634

003 - IDENTIFICADOR DEL NÚMERO DE CONTROL

  • campo de control: OSt

005 - FECHA Y HORA DE LA ÚLTIMA TRANSACCIÓN

  • campo de control: 20200615032223.0

008 - DATOS DE LONGITUD FIJA

  • campo de control de longitud fija: 200615|| aca||aabn | a|a d

040 ## - FUENTE DE LA CATALOGACIÓN

  • Centro catalogador/agencia de origen: OSt
  • Centro/agencia transcriptor: OSt

100 ## - ENCABEZAMIENTO-NOMBRE DE PERSONA

  • Nombre de persona: Carpentier, Alejo,
  • Fechas asociadas al nombre: 1904-1980

670 ## - FUENTE DE DATOS ENCONTRADOS

  • Cita de la fuente: Work cat.: (OSt)2576: Carpentier, Alejo, 1904-1980., Crónicas /, 1985.

Powered by Koha